El testimonio de Rigoberta Menchú: la voz de la mujer en la reformulación de utopías /

Zapisane w:
Opis bibliograficzny
1. autor: Yannuzzi, Andrea
Format: Nieznany
Język:Spanish
Hasła przedmiotowe:
Etykiety: Dodaj etykietę
Nie ma etykietki, Dołącz pierwszą etykiete!

MARC

LEADER 000000000a22000000004500
001 010578
041 0 |a spa 
100 1 |a Yannuzzi, Andrea 
245 1 3 |a El testimonio de Rigoberta Menchú: la voz de la mujer en la reformulación de utopías /   |c Yannuzzi, Andrea 
650 4 |a ME LLAMO RIGOBERTA MENCHU Y ASI ME NACIO LA CONCIENCIA 
650 4 |a MENCHU, RIGOBERTA, 1959- 
650 4 |a NOVELA TESTIMONIAL 
650 4 |a MUJERES 
650 4 |a LITERATURA GUATEMALTECA 
650 4 |a GENERO 
773 0 |x 9992242096  |d Guatemala : Letra Negra Editores  |t (Re) visiones de la conquista  |g (2001), páginas 23-31 
942 |c AM 
999 |c 16825  |d 16825